Sustentabilidad energética, medio ambiente y sociedad / (Registro nro. 265390)

Detalles MARC
000 -LEADER
fixed length control field 02109nam a2200481 i 4500
001 - CONTROL NUMBER
control field DIGBONART0164
003 - CONTROL NUMBER IDENTIFIER
control field NyNyDIG
007 - PHYSICAL DESCRIPTION FIXED FIELD--GENERAL INFORMATION
fixed length control field cr |||||||||||
008 - FIXED-LENGTH DATA ELEMENTS--GENERAL INFORMATION
fixed length control field 200608s2017 mx a ob 000 0 spa d
006 - FIXED-LENGTH DATA ELEMENTS--ADDITIONAL MATERIAL CHARACTERISTICS
fixed length control field m o d
035 ## - SYSTEM CONTROL NUMBER
System control number (OCoLC)1258693369
040 ## - CATALOGING SOURCE
Original cataloging agency DGITA
Language of cataloging eng
Description conventions rda
-- pn
Transcribing agency DGITA
020 ## - INTERNATIONAL STANDARD BOOK NUMBER
Canceled/invalid ISBN 9786078560110
Qualifying information Bonilla Artigas Editores
020 ## - INTERNATIONAL STANDARD BOOK NUMBER
Canceled/invalid ISBN 9786078519477
Qualifying information UAEM
043 ## - GEOGRAPHIC AREA CODE
Geographic area code n-mx---
050 14 - LIBRARY OF CONGRESS CALL NUMBER
Classification number HD9502.M62 ebook
082 14 - DEWEY DECIMAL CLASSIFICATION NUMBER
Classification number 333.790972
245 00 - TITLE STATEMENT
Title Sustentabilidad energética, medio ambiente y sociedad /
Statement of responsibility, etc. Antonio Rodríguez Martínez, Rosenberg Javier Romero Domínguez, Helena Cabal Cuesta (coordinadores).
264 #1 - PRODUCTION, PUBLICATION, DISTRIBUTION, MANUFACTURE, AND COPYRIGHT NOTICE
Place of production, publication, distribution, manufacture Ciudad de México :
Name of producer, publisher, distributor, manufacturer Bonilla Artigas Editores ;
Place of production, publication, distribution, manufacture Cuernavaca, Morelos :
Name of producer, publisher, distributor, manufacturer Universidad Autónoma del Estado de Morelos,
Date of production, publication, distribution, manufacture, or copyright notice [2017]
300 ## - PHYSICAL DESCRIPTION
Extent 1 online resource :
Other physical details illustrations.
336 ## - CONTENT TYPE
Content type term text
Content type code txt
Source rdacontent
337 ## - MEDIA TYPE
Media type term computer
Media type code c
Source rdamedia
338 ## - CARRIER TYPE
Carrier type term online resource
Carrier type code cr
Source rdacarrier
347 ## - DIGITAL FILE CHARACTERISTICS
File type text file
Source rdaft
347 ## - DIGITAL FILE CHARACTERISTICS
Encoding format PDF
490 1# - SERIES STATEMENT
Series statement Pùblica investigación ;
Volume/sequential designation 2
504 ## - BIBLIOGRAPHY, ETC. NOTE
Bibliography, etc. note Includes bibliographical references.
588 0# - SOURCE OF DESCRIPTION NOTE
Source of description note Online resource; title from PDF title page (Digitalia, viewed June 15, 2021)
650 #0 - SUBJECT ADDED ENTRY--TOPICAL TERM
Topical term or geographic name entry element Energy policy
Geographic subdivision Mexico.
650 #0 - SUBJECT ADDED ENTRY--TOPICAL TERM
Topical term or geographic name entry element Energy development
Geographic subdivision Mexico.
650 #0 - SUBJECT ADDED ENTRY--TOPICAL TERM
Topical term or geographic name entry element Sustainable development
Geographic subdivision Mexico.
655 #0 - INDEX TERM--GENRE/FORM
Genre/form data or focus term Electronic books.
700 1# - ADDED ENTRY--PERSONAL NAME
Personal name Rodríguez Martínez, Antonio,
Relator term editor.
700 1# - ADDED ENTRY--PERSONAL NAME
Personal name Romero Domínguez, Rosenberg Javier,
Relator term editor.
700 1# - ADDED ENTRY--PERSONAL NAME
Personal name Cabal Cuesta, Helena,
Relator term editor.
791 2# -
-- Digitalia (Firm),
-- distributor.
793 0# -
-- Digitalia eBook Collection:
-- Bonilla Artigas Editores
776 08 - ADDITIONAL PHYSICAL FORM ENTRY
Relationship information Print version:
Title Sustentabilidad energética, medio ambiente y sociedad.
Edition Primera edición.
Place, publisher, and date of publication Ciudad de México : Bonilla Artigas Editores ; Cuernavaca, Morelos : Universidad Autónoma del Estado de Morelos, 2017
International Standard Book Number 9786078560110
830 #0 - SERIES ADDED ENTRY--UNIFORM TITLE
Uniform title Pública (Mexico City, Mexico).
Name of part/section of a work Investigación;
Volume/sequential designation 2.
856 40 - ELECTRONIC LOCATION AND ACCESS
Materials specified Digitalia Hispánica
Uniform Resource Identifier <a href="https://www.digitaliapublishing.com/a/81465/">https://www.digitaliapublishing.com/a/81465/</a>
910 ## - USER-OPTION DATA (OCLC)
User-option data Premium collection: 2021
942 ## - ADDED ENTRY ELEMENTS (KOHA)
Koha item type Recurso Electrónico
Existencias
Withdrawn status Lost status Damaged status Not for loan Collection Home library Current library Date acquired Total checkouts Date last seen Price effective from Koha item type
        Digitalia Ebooks Hispanica Biblioteca Digital UIN Biblioteca Digital UIN 04/25/2025   04/25/2025 04/25/2025 Recurso Electrónico

CONTACTO


NOSOTROS


SITIOS DE INTERES

coordinacion.biblioteca.biblioteca@unienlinea.mx Misión, Visión y Objetivos Bases de datos
Directorio Bibliotecas Digitales y Repositorios
Normatividad Revistas y artículos
Convenios interbibliotecarios
Boletines



Hecho en México. Universidad Insurgentes (UIN). Todos los derechos reservados 2024. Esta página y sus contenidos pueden ser reproducidos con fines no lucrativos, siempre y cuando no se mutile, se cite la fuente completa y su dirección electrónicas. De otra forma requiere permiso previo por escrito de la institución




2024 Copyright Universidad Insurgentes | www.bibliouin.com.mx